Paroles Ron Van Clief - Osirus Jack - Statistiques

Statistiques générales
  • Ce quiz a été pris 26 fois
  • Le résultat moyen est 111 sur 369
Statistiques - réponses
Hint Réponse % Correct
s/o
100%
c'
95%
chez
90%
de
90%
ma
90%
on
90%
On
90%
Ron
90%
Clief
86%
l'or
86%
Début sans l'intro Osirus
86%
reprend
86%
Reprend
86%
Van
86%
7
76%
magnitude
76%
comme
71%
la
71%
quand
71%
dans
67%
Dans
67%
le
67%
So
67%
des
62%
j'kick
62%
par
62%
Précis
62%
tête
62%
tout
62%
3
57%
à
57%
j'te
57%
machine
57%
Rafale
57%
sous
57%
trop
57%
balles
52%
C2s
52%
dessus
52%
d'Genève
52%
les
52%
Les
52%
7
48%
Kill
48%
matrice
48%
Sirus
48%
ça
43%
ces
43%
d'beuh
43%
OV
43%
sous-terre
43%
teh
43%
c'est
38%
Chaque
38%
j'me
38%
J'me
38%
jour
38%
lève
38%
que
38%
cartel
33%
et
33%
faire
33%
Jackie
33%
Jay-Z
33%
j'sors
33%
LDO
33%
luxe
33%
rappe
33%
sabre
33%
baise
29%
Comment
29%
focus
29%
FUBU
29%
Gotham
29%
j'les
29%
j'suis
29%
killu
29%
l'THC
29%
max
29%
mou
29%
Nas
29%
Nique
29%
pollen
29%
roule
29%
terres
29%
trois
29%
AKA
24%
ceinture
24%
Cleef
24%
Débarque
24%
Fuck
24%
fuck
24%
l'As
24%
LHC
24%
l'os
24%
j'cotoie
19%
négro
19%
Négro
19%
pas
19%
Pas
19%
Puff
19%
veut
19%
1
14%
CERN
14%
d'beu-her
14%
gros
14%
Gros
14%
ils
14%
killus
14%
l'tonerre
14%
mé-fu
14%
soir
14%
19
10%
6
10%
Choisy
10%
du
10%
faut
10%
Gotar
10%
j'en
10%
lave
10%
ou
10%
pareil
10%
possible
10%
son
10%
t'en
10%
tu
10%
un
10%
alchimistes
5%
base
5%
bendo
5%
Combat
5%
concu
5%
Crache
5%
Damn
5%
Dassault
5%
depuis
5%
d'pilon
5%
druide
5%
en
5%
est
5%
fais
5%
fouette
5%
fufus
5%
guwap
5%
hectares
5%
j'ai
5%
j'décompresse
5%
j'emmagasine
5%
j'fume
5%
joue
5%
J'roule
5%
kush
5%
long'
5%
lov
5%
Mic-mac
5%
moisi
5%
négros
5%
Pape
5%
parachutiste
5%
perte
5%
potion
5%
qu'ça
5%
Rif
5%
Rôde
5%
seringues
5%
sont
5%
soucoupe
5%
titres
5%
ton
5%
tous
5%
veau-cer
5%
V'là
5%
vois
5%
X
5%
20
0%
affuttées
0%
Amnesia
0%
assignés
0%
Avec
0%
avec
0%
bazin
0%
bientôt
0%
boss
0%
calcinée
0%
cap
0%
compresses
0%
consomme
0%
contre
0%
croisière
0%
d'assauts
0%
d'Croatie
0%
délire
0%
d'élite
0%
dents
0%
der
0%
d'gasoil
0%
direct
0%
d'monnaie
0%
d'narcoleptiques
0%
d'or
0%
Double
0%
Gasol
0%
général
0%
grave
0%
haut
0%
Icy
0%
j'arrive
0%
j'crame
0%
j'débarque
0%
j'découpe
0%
j'fais
0%
J'fly
0%
j'pars
0%
jusqu'à
0%
J'vois
0%
j'vois
0%
kils
0%
l'blunt
0%
lég'
0%
L'équipe
0%
louss
0%
l'verseau
0%
l'vertige
0%
moins
0%
Mon
0%
mon
0%
n'est
0%
no
0%
OBS
0%
ont
0%
Pars
0%
Pau
0%
pèse
0%
pose
0%
prod
0%
putas
0%
quète
0%
qu'ils
0%
Refléxions
0%
retrouve
0%
sadique
0%
sans
0%
secoue
0%
Slim
0%
soigne
0%
Taga
0%
Tape
0%
t'as
0%
Toc
0%
Très
0%
types
0%
un magasin
0%
vaciller
0%
Vif
0%
voisins
0%
zinc
0%
Aucun quiz correspondant
Distribution des résultats
% des personnes avec chaque résultat
Percentile par nombre de réponses
Votre historique - résultats
Vous n’avez pas pris ce quiz